000
00283nam a2200109Ia 4500
008
230907s9999||||xx |||||||||||||| ||und||
082
_a
720.47
_b
PEA
100
_a
Pearce, Annie R.,
_9
115719
245
0
_a
Sustainable buildings and infrastructure :
300
_a
pages cm
942
_c
BK
999
_c
599232
_d
599232